[Event "POL-chT 2nd League"]
[Site "Polanica Zdroj"]
[Date "2004.09.05"]
[Round "2"]
[White "Sroka, Janusz"]
[Black "Pilcner, Adam"]
[Result "1-0"]
[WhiteElo "2149"]
[BlackElo "2062"]
[PlyCount "61"]
[EventDate "2004.09.04"]
[EventType "team-swiss"]
[EventRounds "11"]
[EventCountry "POL"]
[SourceTitle "CBM 102 Extra"]
[Source "ChessBase"]
[SourceDate "2004.11.03"]
[SourceVersion "1"]
[SourceVersionDate "2004.11.03"]
[SourceQuality "1"]
[WhiteTeam "Bytom Szombierki"]
[BlackTeam "Kielce Fart"]
[WhiteTeamCountry "POL"]
[BlackTeamCountry "POL"]

1. e4 c5 2. g3 e6 3. Bg2 Nc6 4. Nc3 Nge7 5. d3 g6 6. f4 Bg7 7. Nf3 d5 8. 0-0 0-0 9. e5 a6 10. Ne2 b5 11. Be3 d4 12. Bf2 Nd5 13. Ng5 Bb7 14. Ne4 Qe7 15. Qd2 Rac8 16. Nd6 Rc7 17. c3 dxc3 18. bxc3 Nd8 19. Ne4 Nb6 20. Rad1 Bd5 21. Qb2 Rc6 22. Rb1 c4 23. d4 Nb7 24. g4 f5 25. exf6 Bxf6 26. Rbc1 Bg7 27. Qd2 Qa3 28. Rb1 Nd6 29. Nc5 Na4 30. Nxa4 Qxa4 31. Ng3 1-0

[Event "POL-chT 2nd League"]
[Site "Polanica Zdroj"]
[Date "2004.09.04"]
[Round "1.82"]
[White "Pilcner, Adam"]
[Black "Fudalej, Grzegorz"]
[Result "0-1"]
[WhiteElo "2062"]
[BlackElo "2152"]
[PlyCount "60"]
[EventDate "2004.09.04"]
[EventType "team-swiss"]
[EventRounds "11"]
[EventCountry "POL"]
[SourceTitle "CBM 102 Extra"]
[Source "ChessBase"]
[SourceDate "2004.11.03"]
[SourceVersion "1"]
[SourceVersionDate "2004.11.03"]
[SourceQuality "1"]
[WhiteTeam "Kielce Fart"]
[BlackTeam "Gliwice Roszada"]
[WhiteTeamCountry "POL"]
[BlackTeamCountry "POL"]

1. e4 c6 2. d4 d5 3. e5 g6 4. Bd3 Bg7 5. Nc3 Nh6 6. Nge2 f6 7. exf6 exf6 8. Bf4 0-0 9. Qd2 Nf7 10. f3 b5 11. g4 Nd6 12. b3 f5 13. g5 Re8 14. Kf1 Ba6 15. a3 Ne4 16. Bxe4 fxe4 17. b4 Nd7 18. h4 Nb6 19. fxe4 dxe4 20. Rd1 Nc4 21. Qe1 e3 22. Qg3 Nd2+ 23. Kg2 Bxd4 24. h5 Bb7 25. Kh2 c5 26. bxc5 Bxh1 27. Kxh1 Bxc3 28. Nxc3 Qd4 29. Ne2 Qc4 30. Qg2 Qxc5 0-1